01150nam a2200277Ia 4500003000900000008004100009020001800050040001600068080002200084111008300106245024100189260004200430300001400472490002600486500002600512650004100538650002600579650002500605650001400630700003400644700003600678710003800714942000700752999001500759952009800774IN-BaIIA211028s9999 xx 000 0 eng d a90-277-1120-8 cIIA Library a082.2:52bIAU-S86 aInternational Astronomical Union Symposiumn86thcUSAd1979 Aug. 7 - 10912949 0aRadio physics of the sunbproceedings of the International Astronomical Union Symposium No. 86, held in College Park MD USA, August 7 - 10, 1979cedited by Mukul Ranjan Kundu and Tomas E. Gergely  aDordrechtbD. Reidel Publishingc1980 axx, 475p. aIAU Symposium; no. 86 aDonated by Mrs. Bappu aAstronomy and Astrophysics Thesaurus aRadio Astronomy92849 aSolar Activity91424 aSun91200 aGergely, Tomas E., ed.912950 aKundu, Mukul Ranjan, ed.912951 aInternational Astronomical Union  cBK c7658d7658 00104070aBANbBANcGENd1983-07-26l0o082.2:52/ IAU-S86p8472r2021-11-05w1983-07-26yBK